书目信息 |
| 题名: |
加强和改进思想政治工作的新思路
|
|
| 作者: | 赵中天 主编 | |
| 分册: | ||
| 出版信息: | 北京 中国金融出版社 1995 |
|
| 页数: | 396页 | |
| 开本: | 20cm | |
| 丛书名: | ||
| 单 册: | ||
| 中图分类: | D64-53 | |
| 科图分类: | ||
| 主题词: | 思想政治教育--文集 | |
| 电子资源: | ||
| ISBN: | 7-5049-1454-1 | |
| 000 | 00614nam0 2200193 450 | |
| 001 | 0761317580 | |
| 005 | 20070724091147.40 | |
| 010 | @a7-5049-1454-1@dCNY16.00 | |
| 100 | @a20070718d1995 km y0chiy0120 ea | |
| 101 | 0 | @achi |
| 102 | @aCN@b110000 | |
| 200 | 1 | @a加强和改进思想政治工作的新思路@Ajia qiang he gai jin si xiang zheng zhi gong zuo de xin si lu@f赵中天主编@Fzhao zhong tian zhu bian |
| 210 | @a北京@c中国金融出版社@d1995 | |
| 215 | @a396页@d20cm | |
| 606 | 0 | @a思想政治教育@x文集 |
| 690 | @aD64-53@v3 | |
| 701 | 0 | @a赵中天@Azhao zhong tian@4主编 |
| 801 | 0 | @aCN@bPFT@c20070724 |
| 905 | @a10447@dD64-53@e138 | |
| 加强和改进思想政治工作的新思路/赵中天主编.-北京:中国金融出版社,1995 |
| 396页;20cm |
| ISBN 7-5049-1454-1:CNY16.00 |
| ● |
| 相关链接 |
|
|
|
|
正题名:加强和改进思想政治工作的新思路
索取号:D64-53/138
 
预约/预借
| 序号 | 登录号 | 条形码 | 馆藏地/架位号 | 状态 | 备注 |
| 1 | 0767040 | 207670402 | 第一样本阅览室/ [索取号:D64-53/138] | 在馆 |